<?xml version="1.0" encoding="UTF-8"?>
<record
    xmlns:xsi="http://www.w3.org/2001/XMLSchema-instance"
    xsi:schemaLocation="http://www.loc.gov/MARC21/slim http://www.loc.gov/standards/marcxml/schema/MARC21slim.xsd"
    xmlns="http://www.loc.gov/MARC21/slim">

  <leader>00632nam a22001937a 4500</leader>
  <controlfield tag="005">20250407134355.0</controlfield>
  <controlfield tag="008">250407b     bl |||||||| |||| 00| 0 spa d</controlfield>
  <datafield tag="020" ind1=" " ind2=" ">
    <subfield code="a">8572790756</subfield>
  </datafield>
  <datafield tag="050" ind1="0" ind2="4">
    <subfield code="a">F3429 </subfield>
    <subfield code="b">V66 2003</subfield>
  </datafield>
  <datafield tag="100" ind1=" " ind2=" ">
    <subfield code="a">Von Sass, Roselis, </subfield>
    <subfield code="d">1906 - 1997</subfield>
  </datafield>
  <datafield tag="240" ind1="1" ind2=" ">
    <subfield code="a">Die geschichte der Inkas</subfield>
    <subfield code="l">espa&#xF1;ol </subfield>
  </datafield>
  <datafield tag="245" ind1="1" ind2="3">
    <subfield code="a">La verdad sobre los Incas </subfield>
    <subfield code="c"> / Roselis Von Sass.</subfield>
  </datafield>
  <datafield tag="250" ind1=" " ind2=" ">
    <subfield code="a">2a ed. </subfield>
  </datafield>
  <datafield tag="260" ind1=" " ind2=" ">
    <subfield code="a">Rio de Janeiro, Brazil : </subfield>
    <subfield code="b"> Orden do Graal na Terra, </subfield>
    <subfield code="c">2003</subfield>
  </datafield>
  <datafield tag="300" ind1=" " ind2=" ">
    <subfield code="a">275 p. ; </subfield>
    <subfield code="c">22 cm. </subfield>
  </datafield>
  <datafield tag="650" ind1=" " ind2="7">
    <subfield code="2">lemb</subfield>
    <subfield code="a">Ind&#xED;genas </subfield>
    <subfield code="x">Civilizaci&#xF3;n  </subfield>
    <subfield code="z">Per&#xFA; </subfield>
  </datafield>
  <datafield tag="650" ind1=" " ind2="7">
    <subfield code="2">lemb</subfield>
    <subfield code="a">Incas </subfield>
    <subfield code="x">Ind&#xED;genas </subfield>
    <subfield code="z">Per&#xFA; </subfield>
  </datafield>
  <datafield tag="942" ind1=" " ind2=" ">
    <subfield code="2">lcc</subfield>
    <subfield code="c">LIB</subfield>
  </datafield>
  <datafield tag="999" ind1=" " ind2=" ">
    <subfield code="c">80319</subfield>
    <subfield code="d">80319</subfield>
  </datafield>
  <datafield tag="952" ind1=" " ind2=" ">
    <subfield code="1">0</subfield>
    <subfield code="2">lcc</subfield>
    <subfield code="4">0</subfield>
    <subfield code="7">0</subfield>
    <subfield code="a">BPU-001</subfield>
    <subfield code="b">BPU-001</subfield>
    <subfield code="c">GENERAL</subfield>
    <subfield code="d">2025-04-07</subfield>
    <subfield code="f">2a ed. </subfield>
    <subfield code="k">EH</subfield>
    <subfield code="l">0</subfield>
    <subfield code="o">F3429 V66 2003</subfield>
    <subfield code="p">BPU000001095</subfield>
    <subfield code="r">2025-04-07 14:45:35</subfield>
    <subfield code="t">1</subfield>
    <subfield code="v">1.00</subfield>
    <subfield code="y">LIB</subfield>
  </datafield>
</record>
